00250nam a2200109Ia 4500100001900000654001200019245003700031260004300068082000900111300000800120546001200128 aAatre/Vasudev  anetwork aNetwork theory and filter design bWILEY EASTERN LIMITEDaNew Delhic1983 a4.65 a476 aENGLISH